000 00410nam a2200193Ia 4500
008 101110s9999 xx 000 0 und d
041 _aMARATHI
082 _bJR2404
100 _aNarve V.S., Houjvala P.G.
245 _aBanking
365 _b40
520 _aCommerce
546 _aMARATHI
630 _aBanking
650 _aCommerce
655 _aCommerce
730 _aBanking
942 _cBOOK
999 _c794212
_d794209